000 00295nam a2200109Ia 4500
008 200302s9999 xx 000 0 und d
100 _aAsymptote
245 _aDesign Document Series -09 Scape Asymptote Architecture U S A
260 _bSuh Kyong Won Publisher
260 _c2007
300 _a165 P.,
999 _c3876
_d3876